CATECHESI. DOSSIER... ORIENTAMENTI... INSEGNAMENTI... OTTOBRE 1983. (Record n. 325640)
[ formato base ]
| 000 -LEADER | |
|---|---|
| fixed length control field | 01535nas a2200277Ia 4500 |
| 001 - CONTROL NUMBER | |
| control field | R268-R7047 |
| 003 - CONTROL NUMBER IDENTIFIER | |
| control field | IT-CnALBA |
| 008 - FIXED-LENGTH DATA ELEMENTS--GENERAL INFORMATION | |
| fixed length control field | 170116c99999999xx |||||||||||| ||und|| |
| 040 ## - CATALOGING SOURCE | |
| Original cataloging agency | IT-CnALBA |
| Transcribing agency | IT-CnALBA |
| 041 ## - LANGUAGE CODE | |
| Language code of text/sound track or separate title | ITALIANO |
| 999 ## - SYSTEM CONTROL NUMBERS (KOHA) | |
| Koha Dewey Subclass [OBSOLETE] | NO |
| 100 ## - MAIN ENTRY--PERSONAL NAME | |
| Personal name | PACUCCI MARIANNA |
| 210 ## - ABBREVIATED TITLE | |
| Abbreviated title | CATECHESI |
| 222 ## - KEY TITLE | |
| Key title | CATECHESI |
| 245 #0 - TITLE STATEMENT | |
| Title | CATECHESI. DOSSIER... ORIENTAMENTI... INSEGNAMENTI... OTTOBRE 1983. |
| 250 ## - EDITION STATEMENT | |
| Edition statement | 1a ed. |
| 260 ## - PUBLICATION, DISTRIBUTION, ETC. (IMPRINT) | |
| Place of publication, distribution, etc. | TORINO |
| Name of publisher, distributor, etc. | ELLE DI CI - LEUMANN |
| Date of publication, distribution, etc. | 1983 [1° Ed.:1983 - Ed.Ling.Originale: 1983] |
| 300 ## - PHYSICAL DESCRIPTION | |
| Extent | 80 p. |
| 310 ## - CURRENT PUBLICATION FREQUENCY | |
| Current publication frequency | QUINDICINALE |
| 362 ## - DATES OF PUBLICATION AND/OR SEQUENTIAL DESIGNATION | |
| Dates of publication and/or sequential designation | Fascicolo: 13 / Anno: 52 (1983) |
| 500 ## - GENERAL NOTE | |
| General note | PREPARAZIONE AL MATRIMONIO. PROPOSTA UFFICIO DIOCESANO BARI. ORIENTAMENTI E SUSSIDI PER LA CATECHESI. CIONCHI G. BONORA A. BRAMBILLA A. AUDIOVISIVI NELL'INSEGNAMENTO DELLA RELIGIONE E GRUPPI GIOVANILI. FRUMENTO G. LA CONFESSIONE DEI FANCIULLI. INSEGNAMENTO DELLA RELIGIONE NELLE PRIMARIE. BISSOLI C. BRODOLONI P. G. MAZZARELLO L. M. LEVER F. VIVA LA VITA. |
| 501 ## - WITH NOTE | |
| With note | Società San Paolo EM - Piazza San Paolo, 14 - 12051 ALBA (CN) (non commercial uses only) ® Copyright 2017 |
| 520 ## - SUMMARY, ETC. | |
| Summary, etc. | PREPARAZIONE AL MATRIMONIO. PROPOSTA UFFICIO DIOCESANO BARI. ORIENTAMENTI E SUSSIDI PER LA CATECHESI. CIONCHI G. BONORA A. BRAMBILLA A. AUDIOVISIVI NELL'INSEGNAMENTO DELLA RELIGIONE E GRUPPI GIOVANILI. FRUMENTO G. LA CONFESSIONE DEI FANCIULLI. INSEGNAMENTO DELLA RELIGIONE NELLE PRIMARIE. BISSOLI C. BRODOLONI P. G. MAZZARELLO L. M. LEVER F. VIVA LA VITA. |
| 650 ## - SUBJECT ADDED ENTRY--TOPICAL TERM | |
| Topical term or geographic name as entry element | CATECHESI |
| 942 ## - ADDED ENTRY ELEMENTS (KOHA) | |
| Koha item type | RIVISTA |
| 957 ## - | |
| -- | 1 |
| 999 ## - SYSTEM CONTROL NUMBERS (KOHA) | |
| -- | 1 |
| Withdrawn status | Lost status | Damaged status | Not for loan | Home library | Current library | Date acquired | Total Checkouts | Full call number | Date last seen | Price effective from | Koha item type | Public note |
|---|---|---|---|---|---|---|---|---|---|---|---|---|
| Buone Condizioni | Not For Loan | ALBA - Biblioteca | ALBA - Biblioteca | 16/01/2017 | R268-R7047 | 16/01/2017 | 16/01/2017 | RIVISTA | (data import: 16 gennaio 2017) - By Epidotti, Vaglietti. |